Score 0/25 Timer 06:00
0 Plays Today
Actor Character % Correct
Matthew FoxJack Shephard
99.5%
Terry O'QuinnJohn Locke
99.5%
Jorge GarciaHugo 'Hurley' Reyes
98.6%
Evangeline LillyKatherine 'Kate' Austen
98.1%
Dominic MonaghanCharlie Pace
98.1%
Daniel Dae KimJin-Soo Kwon
97.1%
Josh HollowayJames 'Sawyer' Ford
96.6%
Yunjin KimSun-Hwa Kwon
96.6%
Michael EmersonBenjamin Linus
94.7%
Adewale Akinnuoye-AgbajeMr. Eko
91.8%
Naveen AndrewsSayid Jarrah
91.3%
Emilie de RavinClaire Littleton
91.3%
Harold PerrineauMichael Dawson
89.9%
Actor Character % Correct
Ian SomerhalderBoone Carlyle
89.9%
Elizabeth MitchellJuliet Burke
88%
Malcolm David KelleyWalter Lloyd
87.5%
Michelle RodriguezAna Lucia Cortez
87.5%
Maggie GraceShannon Rutherford
87%
Henry Ian CusickDesmond Hume
86.5%
Cynthia WatrosElizabeth 'Libby' Smith
79.8%
Jeremy DaviesDaniel Faraday
78.8%
Ken LeungMiles Straume
76.4%
Rebecca MaderCharlotte Staples Lewis
75%
Rodrigo SantoroPaulo
59.1%
Kiele SanchezNikki Fernandez
58.7%

You're not logged in!

Compare scores with friends on all Sporcle quizzes.
OR
Log In

Sporcle TV

Today on Sporcle TV


Watch our educational content, quiz creation guides, and fun videos on Sporcle TV.

Show Comments

Extras

Top Quizzes Today


Score Distribution

Paid Content

Your Account Isn't Verified!

In order to create a playlist on Sporcle, you need to verify the email address you used during registration. Go to your Sporcle Settings to finish the process.

Report this User

Report this user for behavior that violates our Community Guidelines.

Details: